000 01016caa a22002417a 4500
999 _c414573
_d414573
001 127429
003 UA-OsUOA
005 20200117133103.0
007 ta
008 20171129b un ||||| |||| 00| 0 ukr d
040 _aUA-OsUOA
_bukr
_cUA-OsUOA
_dUA-OsUOA
041 _aukr
080 _a908
090 _a908
_bД33
100 _aДенисюк О.
245 _aСтворення і функціонування Наукової бібліотеки відродженої Острозької академії (1994–2017 рр.)
_cО. Денисюк
300 _aС. 30–34
650 7 _a908 Краєзнавство
_2UDC
773 0 _0413657
_9423423
_dОстрог НаУОА 2017
_o156394
_tНаукові записки Національного університету "Острозька академія". Серія "Історичні науки"
_w(UA-OsUOA) 126456
_x2409-6806
942 _cBKA
_2udc
955 _a1